1621 1765 1557 1422 1462 1354 1078 1997 1104 1940 1629 1668 1990 1926 1358 1439 1005 1905 1653 1446 1512 1942 1624 1169 1780 1773 1811 1428 1832 1029 1397 1169 1672 1966 1400 1440 1212 1502 1319 1564 1780 1508 1777 1391 1289 1799 1889 1090 1040 1886 1468 1353 1707 1516 1526 1125 1416 1897 1569 1801 1708 1545 1567 1157 1691 1048 1368 1839 1256 1102 1434 1088 1861 1042 1273 1288 1442 1578 1469 1616 1777 1318 1065 1221 1512 1103 1551 1796 1176 1841 1682 1430 1963 1133 1742 1591 1414 1665 1066 BCNSPRNW ULIB Ver.6.0+V

เปลี่ยนเป็นภาษาไทย

Change to English
 แสดงรายละเอียดบรรณานุกรม
  กลับหน้าหลัก

Brief Record : Get Marc (ISO 2709) : E-mail record : QR code < ปิดหน้าต่าง
LEADER : 00000nam 2200000uu 4500
001    13399120075
003     ULIB
008    120828s2552||||th 000 0 tha d
020    ^a9786117007156
090    ^aนว.^bพ541จ 2552
100 0  ^aพัดวา
245 00 ^aเจ้าชายแห่งทะเลทรายกับยัยจอมแสบ/^cพัดวา
250    ^aพิมพ์ครั้งที่ 1
260    ^aกรุงเทพฯ :^blovejung,^c2552
300    ^a171 หน้า
710 1  ^ablovejung
945    ^p0^l0^i15778
995    ^aกัณชพร
999    ^aใช้งานได้ทุกระบบ
รายการนี้ยังไม่มีแท็ก
คุณยังไม่ได้ล็อกอิน คุณสามารถมีกิจกรรมร่วมกับเว็บไซต์ได้ แต่ต้องล็อกอินก่อน ::
  ล็อกอิน

รายการสื่อสารสนเทศ

ลำดับที่ ประเภท เลขเรียก/บาร์โค้ด สถานที่ สถานะ
1. นวนิยาย
นวนิยาย
นว. พ541จ 2552  
  Barcode: 15778
ห้องสมุดวิทยาเขตสวรรค์ประชารักษ์
►นวนิยาย
บนชั้น
  ขอยืม

BibComment


ยังไม่เคยถูกคอมเมนท์

คอมเมนท์ทรัพยากรรายการนี้
  คอมเมนท์: เจ้าชายแห่งทะเลท..


 Copyright 2026. Bcnsprnw @Library